000 01353nam a22002777a 4500
005 20170124103125.0
010 _aA-777042
020 _c05.00
035 _aA-777042
037 _bCen Lib/Ret
040 _aDPL
_bHN
082 _a891.44108
_bचौधरी
100 _aचौधरी , नारायण
_9115160
245 _aभारतीय साहित्य के निर्माता ईश्वरचंद्र गुप्त /
_cनारायण चौधरी ; अनुवादक राजेस राहुल
246 _aBhartiya sahitya ke nirmata Ishwarchandr gupt
_bby Narayan Choudhary ; anuvadak Rajes Rahul
260 _aनई दिल्ली
_bसाहित्य अकादेमी
_c1988
270 _aरविन्द्र भवन 35, फिरोज़शाह मार्ग
_bनई दिल्ली
_e110001
300 _a60पृष्ठ.
_c21सेमी(सजिल्द)
500 _a
650 _aहिंदी साहित्य
_9115161
650 _aकवि के रूप में - ईश्वरचंद्र
_983079
650 _aHindi literature
_9115162
650 _aAs poet - Ishwarchandra
_983081
700 _a राहुल , राजेस
_9115163
942 _2ddc
_cHN
_h891.44108
_mचौधरी
999 _c119042
_d119042